00600nam a2200205 a 4500001001300000003000900013005001700022008004100039020000900080082001500089100002100104245008100125260004700206300000900253500003500262505001700297650003700314650002200351700002100373nice12345678IN_TiNIC20260116012627.0050524s1980 coca grp 000 0 eng  ac2000a261.2bEMP aEmprayil, Thomas aEmerging Theology of Religionsb Contribution of the Catholic Church in Indi aCochinbVincentain Publishing Bureauc1980 a212p aincludes index and biblioraphy2 aBibliography aChristianity and Other Religions aTheology-Religion1 aEmprayil, Thomas